Stanovy Českého kynologického svazu (Schválené ustanovujícím sjezdem ČKS 8. prosince 1990.)

Bibliographic Details
Format: Article
Language:Slovak
Subjects:

MARC

LEADER 00000nab a2200000 a 4500
001 vtls000427559
003 SK-MaSNL
005 20260303001652.0
008 160201c1991 xo 0 slo
015 |a SNBRB19rr/mm-uuuuu 
035 |a CL0427687 
040 |a SNKBUCL  |b slo  |c SNKBUCL  |e AACR2 
041 0 |a slo 
044 |a xo  |c SK 
080 |a 636.7:061.25.06.013(437.1)  |2 1981 
080 |a 061.25.06.013(437.1)  |2 1981 
245 0 0 |a Stanovy Českého kynologického svazu  |b (Schválené ustanovujícím sjezdem ČKS 8. prosince 1990.) 
610 7 |a Český kynologický zväz  |x stanovy  |2 snkbucl  |9 977317 
650 0 7 |a kynológia  |2 snkbucl  |9 24771 
655 7 |a články z novín a časopisov  |2 snkbucl  |9 267496 
773 0 |t Kynológ  |g Č. 6 (1991), s. 9-11 
850 |a Slovenská národná knižnica v Martine  |a MTA001 
852 |a SNK  |b KIS3GCP 
958 |a RK 
958 |a CZ 
992 |a RBX 
999 |c 1564530  |d 1566460